000 00361nam a2200145Ia 4500
008 230917s9999||||xx |||||||||||||| ||und||
040 _e131518
_aMAIN
041 _aEnglish
082 _a658 R143K
100 _aKothari, Raman
245 0 _aKnowledge management: A resource book
260 _aNew Delhi
_bExcel Books
_c2007
300 _a304 p.
942 _cBK
999 _c144970
_d144970